Stres - brzda výkonnosti a produktivity

Stres ako manažérsky problém. Hodnotenie a meranie hladiny stresu. Redukcia stresu. Antistresové programy.

Salvato in:
Dettagli Bibliografici
Natura: Capitolo di libro
Lingua:ceco
Soggetti:
Tags: Aggiungi Tag
Nessun Tag, puoi essere il primo ad aggiungerne!!

MARC

LEADER 00000naa a2200000 4500
001 r038839
005 20231002100940.1
041 0 |a cze 
044 |a CZ 
245 1 0 |a Stres - brzda výkonnosti a produktivity 
520 |a Stres ako manažérsky problém. Hodnotenie a meranie hladiny stresu. Redukcia stresu. Antistresové programy. 
610 2 0 |a stresy 
610 2 0 |a výkonnosť 
610 2 0 |a výkony pracovné 
610 2 0 |a manažéri 
610 2 0 |a kreativita 
610 2 0 |a komunikácia 
610 2 0 |a zaťaženie pracovné 
610 2 0 |a zamestnanci